Ciências físico-químicas: 9. ano
Guardado en:
| Autor principal: | |
|---|---|
| Otros Autores: | |
| Formato: | Desconocido |
| Lenguaje: | portugués |
| Publicado: |
Lisboa
Didáctica
[198-]-
|
| Edición: | 11a ed |
| Catálogo: | MANES: Resultados de Búsqueda del Catálogo |
| Clasificación de libros de texto: |
|
| Etiquetas: |
Agregar Etiqueta
Sin Etiquetas, Sea el primero en etiquetar este registro!
|
| Añadido a: | 2016-04-26 |
| Cambiado en: | 2025-04-25 |
MARC
| LEADER | 000000000a22000000004500 | ||
|---|---|---|---|
| 001 | 29523 | ||
| 003 | OSt | ||
| 005 | 20250425111519.0 | ||
| 008 | 160427s pt ||||| |||| 00| 0 por d | ||
| 040 | |c centro_manes | ||
| 041 | 1 | |a por | |
| 100 | 1 | |a Faria, Ana Maria |9 15877 | |
| 245 | 0 | 0 | |a Ciências físico-químicas: 9. ano |
| 250 | |a 11a ed | ||
| 260 | 3 | |a Lisboa |b Didáctica |c [198-]- | |
| 300 | |a v.; |c 24 cm | ||
| 500 | |a 2. v. |a 2. v.: Química. - 1989. - 170, [9] p. |a 2º v. | ||
| 561 | |5 pt-BNP |a Portugal. Biblioteca Nacional de Portugal |k MANES | ||
| 691 | |a SE | ||
| 690 | |a FQ | ||
| 700 | 1 | |a Maria, José |9 15900 |a Nobre, David |9 15893 | |
| 942 | |2 ddc |c BK | ||
| 546 | |a Portugal | ||
| 999 | |c 30985 |d 30985 | ||
| 999 | |c manes:30985 |d 30985 | ||